LEADER 01015nam a2200241 4500 001 000000353936 003 CaOOAMICUS 005 20230615113904.0 008 230522s2022 it 000 u ita r 020 $a979-12-5994-592-1 040 $aSeMil$bita 100 1 $aVerri, Mario,$d<1929- >.$0(OLS)http://semarc/name/117637 245 10$aDio sono anche gli uomini :$balla radice del fatto sacramentale /$cMario Verri. 264 1$aRoma :$bAracne,$c2022. 300 $a307 p. ;$c30 cm 650 4$aSacramenti.$0(OLS)http://semarc/subject/124 650 4$aCristianesimo - Crisi.$0(OLS)http://semarc/subject/48831 850 $aSeMil 852 $aSeMil$W1$xVenegono$y1$m3K VI 38$j242660$B246112$CSeMilBibl$Z2$F246112 $81 996 $6020$a979-12-5994-592-1$9(OLS)http://semarc/number/298241 996 $6245$aDio sono anche gli uomini :$balla radice del fatto sacramentale$9(OLS)http://semarc/title/444082 996 $6264$aRoma :$bAracne$9(OLS)http://semarc/publisher/33569 LEADER 00969nam a2200205 i 4500 001 000000024358 003 CaOOAMICUS 005 20180830125446.0 008 180830s1931 it u000 u ita u 040 $aSeMil$bita 100 1 $aMarconi, Giovanni.$0(OLS)http://semarc/name/10779 245 13$aLa procedura penale italiana :$bcommento pratico al codice approvato con R. D. 19 ottobre 1930-8. /$cGiovanni Marconi, Antonio Marongiu. 260 $aMilano :$bVallardi,$c1931. 300 $a2 v. ;$c24 cm. 650 4$aCodice di procedura penale.$0(OLS)http://semarc/subject/3830 700 1 $aMarongiu, Antonio.$0(OLS)http://semarc/name/10780 774 0 $tLibro primo e secondo.$gVolume1$w()197843 774 0 $tLibro terzo, quarto e quinto.$gVolume2$w()197844 996 $6245$aLa procedura penale italiana :$bcommento pratico al codice approvato con R. D. 19 ottobre 1930-8.$9(OLS)http://semarc/title/32720 996 $6260$aMilano :$bVallardi$9(OLS)http://semarc/publisher/30148